Manual de rǧimen tributario especial para el sector solidario y entidades sin ǹimo de lucro

Detalles Bibliográficos
Autor principal: Monclou Pedraza, Jaime
Formato: eBook
Lenguaje:español
Publicado: Bogot ̀: Editorial Nueva Legislacin̤, 2011
Materias:
Acceso en línea:Acceso restrignido

MARC

LEADER 00000nam a22000007a 4500
005 2012091909149.0
007 cr|||| ||||
008 120919s2011 co |||||s|||| 00||0 spa d
020 |a 978-958-8371-70-2 
035 |a 6713 
040 |a vLex 
090 |c 3449  |d 3449 
100 1 |a Monclou Pedraza, Jaime 
245 1 0 |a Manual de rǧimen tributario especial para el sector solidario y entidades sin ǹimo de lucro  |h [Recurso electrn̤ico] /  |c Jaime Monclou Pedraza 
256 |a Servicio en ln̕ea 
260 |a Bogot ̀:  |b Editorial Nueva Legislacin̤,  |c 2011 
300 |a 1 recurso electrn̤ico 
506 1 |a contenido solo disponible en los productos indicados  |d vLex Global   |d vLex Global (Academic Edition, excluding Law Schools)   |d vLex Global (U.S. Academic Edition, Law Schools)   |d vLex Global (U.S. Academic Edition, excluding Law Schools)   |d vLex Global (Academic Edition, Law Schools)  
650 0 4 |a Impuestos 
651 |z Colombia 
740 0 |a vLex Libros (Servicio en ln̕ea) 
856 4 0 |u http://vlex.com/source/manual-regimen-tributario-especial-sector-solidario-entidades-sin-animo-lucro-6713  |z Acceso restrignido 
942 |c BOOK 
999 0 |a Taxation